000 00662cam a22002413a 4500
001 17938
003 PGUSA
005 20140828083400.0
008 060306s2006||||xxu|||||s|||||000 1 eng d
040 _aPGUSA
_beng
042 _adc
050 4 _aPS
100 1 _aBailey, Temple,
_d-1953
245 1 0 _aContrary Mary
_h[electronic resource] /
_cTemple Bailey
260 _bProject Gutenberg,
_c2006
506 _aPublic domain in the USA.
516 _aElectronic text
653 _aFiction
700 1 _aCorson, C. S.
_q(Charles Schell),
_d1882-1921
830 0 _aProject Gutenberg
_v17938
856 4 0 _uhttp://www.gutenberg.org/ebooks/17938
942 _cEB
999 _c247193
_d247193